000
00295nam a22001337a 4500
003
MPLRDC
005
20220104184704.0
008
210129b ||||| |||| 00| 0 eng d
082
_a
DISC
100
_a
杨澜编
245
_a
天下女人--1 DISC
_c
650
_a
专访
942
_c
CDA
_o
DISC
999
_c
62980
_d
62970